00505nam a2200121 a 4500008004100000050002200041100001900063245013300082260003900215300003200254650004500286650005200331220223s2019 ||||||||||||||||| || u aCBU-PG THESIS/MAT aMatipa, Gibson14aThe impact of Accommodation Location on Students Performance in General Chemistry at the Copperbelt UniversitycBy Gibson Matipa aKitwebCopperbelt Universityc2019 axi, 48 pages :illustrations aSTUDENTS PERFORMANCE - GENERAL CHEMISTRY aACCOMMODATION OF STUDENTS - COPPERBELT PROVINCE